| 000 | 00000nas 2200000za 4500 |
| 001 | 9.819502 |
| 003 | CaOODSP |
| 005 | 20221107142957 |
| 007 | cr ||||||||||| |
| 008 | 160615d19871993oncar p oss f000#b0fre|d |
| 022 | |y0833-0042 |
| 040 | |aCaOODSP|bfre |
| 041 | |aeng|afre |
| 043 | |an-cn--- |
| 086 | 1 |aCS61-214-PDF |
| 245 | 00|aCapital and repair expenditures, manufacturing sub-industries, intentions |h[ressource électronique] = |bDépenses d'immobilisations et de réparations, sous-industries manufacturières, perspective. |
| 246 | 11|aDépenses d'immobilisations et de réparations, sous-industries manufacturières, perspective |
| 260 | |aOttawa : |bStatistics Canada, Science, Technology and Capital Stock Division = Statistique Canada, Division des sciences, de la technologie et du stock de capital, |c1987-1993. |
| 310 | |aAnnuel |
| 362 | 0 |a1987-1993. |
| 500 | |aÉdition numérisée de l’imprimé [par Statistique Canada]. |
| 546 | |aTexte en anglais et en français. |
| 550 | |aLes livr. de 1990-1993 sont publiées par la Division de l'investissement et du stock de capital. |
| 580 | |aAbsorbé en partie par : Private and public investment in Canada, intentions; et, Private and public investment in Canada, revised intentions. |
| 692 | 07|2gccst|aInvestissement |
| 692 | 07|2gccst|aIndustrie |
| 692 | 07|2gccst|aFinances |
| 710 | 1 |aCanada.|bStatistique Canada.|bDivision de l'investissement et du stock de capital. |
| 710 | 2 |aStatistique Canada.|bDivision des sciences, de la technologie et du stock de capital. |
| 780 | 00|tInvestment statistics, manufacturing sub-industries and selected energy related industries, intentions |w(CaOODSP)9.819498 |
| 791 | |tCapital and repair expenditures, manufacturing sub-industries, intentions |eeng|w(CaOODSP)9.819500 |